000 00485nam a2200181Ia 4500
001 57984
008 140507s9999 xx 000 0 und d
020 _a9781615300150
040 _cPK-LaUMT
082 _a 321.00922
_bHUN-
100 _aMcKnna, Amy
245 4 _aThe 100 most influential world leaders of all time
_cMcKnna, Amy
260 _aNew York,USA:
_bBritannica Educational Publishing,
_c2010
300 _a382 p.
546 _aEN
650 _aWorld history
942 _cBK
999 _c55250
_d55250